000 00858nam a2200253 a 4500
001 BRL_932
005 20190320210946.0
008 251013s1970----au-a######---#000-0#ger-#
041 _ager
044 _aau
050 4 _aF2519
_b.M87 1970
110 2 _aMuseum für Völkerkunde (Austria)
_924293
245 1 0 _aBrasiliens Indianer
_cEinführung: Etta Becker-Donner ; Katalogteil: Etta Becker-Donner, Christian Feest [und] Peter Kann ; Landkt.: Gretel Schulz.
260 _aWien
_bMuseum für Völkerkunde
_c[1970]
300 _a131 p.
_bil., 63 fotografías
_c23 cm.
500 _aAu1006
504 _aBibliografía: p. 37-38
650 1 4 _aIndígenas de América del Sur
_vCatálogos
_zBrasil
_925359
700 1 _aBecker-Donner, Etta
_922895
700 1 _aFeest, Christian F.
_925360
700 1 _aKann, Peter.
_925361
902 _aGRL
942 _2lcc
_cB
999 _c9744
_d9744